Spiritual Disciplines and the Practice of Integration: Possibilities and Challenges for Christian Psychologists

Spiritual practices have received less attention than psychological change techniques in the contemporary integration of psychology and Christianity, yet a Christian understanding of health has implications for the personal and professional use of spiritual disciplines as mechanisms for growth. We c...

Full description

Saved in:  
Bibliographic Details
Authors: McMinn, Mark R. 1958- (Author) ; Mcray, Barrett W. (Author)
Format: Electronic Article
Language:English
Check availability: HBZ Gateway
Interlibrary Loan:Interlibrary Loan for the Fachinformationsdienste (Specialized Information Services in Germany)
Published: 1997
In: Journal of psychology and theology
Year: 1997, Volume: 25, Issue: 1, Pages: 102-110
Online Access: Presumably Free Access
Volltext (lizenzpflichtig)
Parallel Edition:Non-electronic

MARC

LEADER 00000caa a22000002c 4500
001 1809021030
003 DE-627
005 20250325002915.0
007 cr uuu---uuuuu
008 220704s1997 xx |||||o 00| ||eng c
024 7 |a 10.1177/009164719702500110  |2 doi 
035 |a (DE-627)1809021030 
035 |a (DE-599)KXP1809021030 
040 |a DE-627  |b ger  |c DE-627  |e rda 
041 |a eng 
084 |a 1  |2 ssgn 
100 1 |8 1\p  |e VerfasserIn  |0 (DE-588)1031230750  |0 (DE-627)736023933  |0 (DE-576)168985039  |4 aut  |a McMinn, Mark R.  |d 1958- 
109 |a McMinn, Mark R. 1958- 
245 1 0 |a Spiritual Disciplines and the Practice of Integration: Possibilities and Challenges for Christian Psychologists 
264 1 |c 1997 
336 |a Text  |b txt  |2 rdacontent 
337 |a Computermedien  |b c  |2 rdamedia 
338 |a Online-Ressource  |b cr  |2 rdacarrier 
520 |a Spiritual practices have received less attention than psychological change techniques in the contemporary integration of psychology and Christianity, yet a Christian understanding of health has implications for the personal and professional use of spiritual disciplines as mechanisms for growth. We consider the practical nature of the spiritual disciplines in promoting change as well as possibilities and challenges introduced by using spiritual disciplines both outside and inside the consulting office. Used outside the consulting office, spiritual disciplines may affect the professional life of the Christian therapist by deepening his or her knowledge of God, promoting a posture of humble self-awareness, and providing a refuge for the stresses of psychological work. Used inside the consulting office, the spiritual disciplines may prove helpful with some clients, but introduce significant challenges and potential problems that warrant careful consideration. 
601 |a Spiritual 
601 |a Challenger 
700 1 |a Mcray, Barrett W.  |e VerfasserIn  |4 aut 
773 0 8 |i Enthalten in  |t Journal of psychology and theology  |d London : Sage Publishing, 1973  |g 25(1997), 1, Seite 102-110  |h Online-Ressource  |w (DE-627)341346381  |w (DE-600)2067352-8  |w (DE-576)273869256  |x 2328-1162  |7 nnas 
773 1 8 |g volume:25  |g year:1997  |g number:1  |g pages:102-110 
776 |i Erscheint auch als  |n Druckausgabe  |w (DE-627)1642487074  |k Non-Electronic 
856 |u https://digitalcommons.georgefox.edu/cgi/viewcontent.cgi?article=1166&context=gscp_fac  |x unpaywall  |z Vermutlich kostenfreier Zugang  |h repository [oa repository (via OAI-PMH title and first author match)] 
856 4 0 |u https://doi.org/10.1177/009164719702500110  |x Resolving-System  |z lizenzpflichtig  |3 Volltext  |7 1 
883 |8 1\p  |a cgwrk  |d 20250301  |q DE-101  |u https://d-nb.info/provenance/plan#cgwrk 
935 |a mteo 
951 |a AR 
ELC |a 1 
ITA |a 1  |t 1 
LOK |0 000 xxxxxcx a22 zn 4500 
LOK |0 001 4160911374 
LOK |0 003 DE-627 
LOK |0 004 1809021030 
LOK |0 005 20220704090305 
LOK |0 008 220704||||||||||||||||ger||||||| 
LOK |0 035   |a (DE-Tue135)IxTheo#2022-06-22#E756478AD885A015ABADFC7FA1D5B499147A9A0D 
LOK |0 040   |a DE-Tue135  |c DE-627  |d DE-Tue135 
LOK |0 092   |o n 
LOK |0 852   |a DE-Tue135 
LOK |0 852 1  |9 00 
LOK |0 935   |a ixzs  |a ixrk  |a zota 
LOK |0 939   |a 04-07-22  |b l01 
OAS |a 1 
ORI |a SA-MARC-ixtheoa001.raw 
REL |a 1 
SUB |a REL